000 00635cam a22002052 4500
001 0000018756
005 20151217145907.0
008 100617s xx 000 0 eng d
020 _a9966707654 :
040 _aKABU
_cKABU
100 1 _aYabs, John.
_@0000158105
245 1 0 _aHow to get good grades in universities and colleges :
_bstrategies and tactics /
_cJohn Yabbs.
250 _a1st ed.
260 _aNairobi :
_bLelax Global,
_c2010.
300 _avii, 63 p.
650 0 _aStudy skills (Higher education)
_@0000157286
852 1 _9p450 KES
908 _a100617
950 _@1
999 _c3805
_d3805